LEADER 02404nam2 2200589 450 001 000012886 005 20150302091417.0 010 $a0-674-99205-9$bAmerican ISBN 010 $a0-434-99186-4$bEnglish ISBN 100 $a20030506d1976----km-y0itay0103----ba 101 2 $agrc$aeng 102 $aUS$aGB 200 1 $a<> Life, Against Apion$fJosephus$gwith an English translation by H. St. J. Thackeray 210 $aCambridge, Massachusetts$cHarvard University Press$aLondon$c<> Heinemann$d1976 215 $aXXI, 424 p., [1] carta di tav$cill.$d17 cm 225 2 $a<> Loeb classical library 300 $aTraduzione inglese con testo greco a fronte 410 0$12001$a<> Loeb classical library 461 1$1001000012884$12001$aJosephus$vvol. 1 500 11$aJosephi vita / Josephus, Flavius$919890 500 11$aContra Apionem / Josephus, Flavius$919891 676 $a928$v(22. ed.)$9Biografia. Letterati, storici 676 $a885.01$v(22. ed.)$9Discorsi in greco classico. Origini-499 700 1$aJosephus,$bFlavius$0164253 702 1$aThackeray,$bHenry St. John 801 0$aIT$bUniversità della Basilicata - B.I.A.$gREICAT$2unimarc 912 $a000012886 996 $aContra Apionem$919891 996 $aJosephi vita$919890 997 $aUNIBAS CAT $aSTD019$b01$c20030506$lBAS01$h1229 CAT $aSTD019$b01$c20030506$lBAS01$h1234 CAT $c20050601$lBAS01$h1755 CAT $abatch$b01$c20050718$lBAS01$h1051 CAT $c20050718$lBAS01$h1110 CAT $c20050718$lBAS01$h1140 CAT $c20050718$lBAS01$h1155 CAT $aEXT013$b01$c20140904$lBAS01$h1054 CAT $aEXT013$b01$c20140904$lBAS01$h1111 CAT $aEXT013$b01$c20140904$lBAS01$h1112 CAT $aEXT013$b01$c20140904$lBAS01$h1123 CAT $aEXT013$b01$c20140904$lBAS01$h1446 CAT $aEXT013$b01$c20140904$lBAS01$h1619 CAT $aEXT013$b01$c20140904$lBAS01$h1640 CAT $aEXT013$b01$c20140919$lBAS01$h1118 CAT $aEXT013$b01$c20140929$lBAS01$h1038 CAT $aEXT013$b01$c20150203$lBAS01$h1624 CAT $aEXT013$b01$c20150203$lBAS01$h1628 CAT $aEXT013$b01$c20150204$lBAS01$h0917 CAT $aEXT013$b01$c20150302$lBAS01$h0914 FMT Z30 -1$lBAS01$LBAS01$mBOOK$1BASA1$APolo Storico-Umanistico$2GEN$BCollezione generale$3Class/981$614780$5L14780$820140904$f02$FPrestabile Generale LEADER 00949nam0-22003371i-450 001 990002402290203316 005 20210308114835.0 010 $a88-428-1264-1 035 $a000240229 035 $aUSA01000240229 035 $a(ALEPH)000240229USA01 035 $a000240229 100 $a20050223d2005----km-y0itay0103----ba 101 0 $aita 102 $aIT 105 $ay|||z|||001yy 200 1 $a<>altra resistenza$fPeter Tompkins 210 $aMilano$cIl Saggiatore$d2005 215 $a429 p.$d24 cm 225 2 $aNuovi saggi 410 0$1001$12001$aNuovi saggi 606 0 $aGuerra mondiale 1939-1945$xServizi segreti$yStati Uniti d'America 676 $a940.548673092 700 1$aTOMPKINS,$bPeter$0500781 801 0$aIT$bsalbc$gISBD 912 $a990002402290203316 951 $aX.3.A. 1155 (III A 1301)$b180208 L.M.$cIII A$d00126159 959 $aBK 969 $aUMA 996 $aAltra resistenza$91065606 997 $aUNISA LEADER 03907nam 2200673 450 001 9910825352103321 005 20230803200410.0 010 $a3-11-036611-8 010 $a3-11-039144-9 024 7 $a10.1515/9783110366112 035 $a(CKB)3360000000515428 035 $a(EBL)1663076 035 $a(SSID)ssj0001441702 035 $a(PQKBManifestationID)11759822 035 $a(PQKBTitleCode)TC0001441702 035 $a(PQKBWorkID)11412741 035 $a(PQKB)11081684 035 $a(MiAaPQ)EBC1663076 035 $a(DE-B1597)428340 035 $a(OCoLC)979906499 035 $a(DE-B1597)9783110366112 035 $a(Au-PeEL)EBL1663076 035 $a(CaPaEBR)ebr11013947 035 $a(CaONFJC)MIL807364 035 $a(OCoLC)898769734 035 $a(EXLCZ)993360000000515428 100 $a20150210h20142014 uy 0 101 0 $ager 135 $aur|n|---||||| 181 $ctxt 182 $cc 183 $acr 200 10$aWittgenstein, Frazer und die "ethnologische Betrachtungsweise" /$fMarco Brusotti 210 1$aBerlin, [Germany] ;$aBoston, [Massachusetts] :$cWalter de Gruyter GmbH,$d2014. 210 4$d©2014 215 $a1 online resource (468 p.) 225 1 $aU?ber Wittgenstein ;$vBand 2 300 $aDescription based upon print version of record. 311 $a3-11-037046-8 320 $aIncludes bibliographical references and index. 327 $t Frontmatter -- $tInhalt -- $tEinleitung -- $t1. Ein neues Bewusstsein für kulturelle Unterschiede -- $t2. Wittgensteins erste Auseinandersetzung mit Frazers Golden Bough -- $t3. Wittgensteins "propaganda for a descriptive method, instead of an explanatory." Die Vorlesung im May Term 1933 -- $t4. Die spätere Auseinandersetzung mit dem Golden Bough: Die losen Blätter in der Abridged Edition (MS 143) -- $t5. Philosophische Probleme mit ,ethnologischem' Blick sehen. Wittgensteins "ethnologische Betrachtungsweise" -- $tAnhang: Wittgensteins Auseinandersetzung mit Frazers Golden Bough im Kontext des Nachlasses -- $tKonkordanzen -- $tSiglenverzeichnis -- $tLiteraturverzeichnis -- $tNamenregister -- $tSachregister -- $tDanksagung 330 $aWittgenstein beansprucht für sich eine neue Betrachtungsweise: Er will seinen "Standpunkt weit draußen einnehmen" und philosophische Probleme mit ethnologischem Blick sehen. Ist seine scharfe Auseinandersetzung mit James Frazers anthropologischem Hauptwerk, The Golden Bough. A Study in Magic and Religion, eine frühe Einübung in diese "ethnologische Betrachtungsweise"? Sprache und Kultur geht dieser Frage nach. Kulturdifferenz und -wandel, die im Tractatus noch gleichsam unter der Schwelle philosophischer Aufmerksamkeit liegen, rücken hier allmählich in den Mittelpunkt. Wittgensteins breite kulturphilosophische Beschäftigung gilt Ethnologen wie Frazer und Malinowski, aber auch so unterschiedlichen Gestalten wie etwa Spengler, Sraffa, Renan, Ogden und Richards, Paul Ernst, Goethe und vielen anderen. Diese bisher umfassendste Studie zum Thema berücksichtigt Wittgensteins Gesamtnachlass und unveröffentlichtes Material: Ohne die problematischen Aspekte zu übersehen, zeigt sie, dass Wittgensteins Denken nicht nur sprachphilosophisch relevant ist, sondern auch und gerade kulturphilosophische Horizonte eröffnet. 410 0$aU?ber Wittgenstein ;$vBand 2. 606 $aPhilosophy, Modern$y19th century 606 $aPhilosophy, Modern$y20th century 610 $aWittgenstein. 610 $ainterculturality. 610 $aphilosophy of culture. 615 0$aPhilosophy, Modern 615 0$aPhilosophy, Modern 676 $a190.9034 700 $aBrusotti$b Marco$0540296 801 0$bMiAaPQ 801 1$bMiAaPQ 801 2$bMiAaPQ 906 $aBOOK 912 $a9910825352103321 996 $aWittgenstein, Frazer und die "ethnologische Betrachtungsweise"$93961265 997 $aUNINA